Video Game Cities - Statistics

General Stats
  • This quiz has been taken 42 times
  • The average score is 5 of 9
Answers on the Map
Answers color-coded by a green-red scale on the quiz's map according to % correct below.
 
Answer Stats
Answer % Correct
GTA: Vice City
73%
Assasin's Creed: Unity
58%
Spider-Man
58%
Forza Horizon 4
50%
Sleeping Dogs
50%
Watch Dogs: Legion
50%
The Last of Us 2
46%
Dead Island 2
35%
Payday 2
31%
No matching quizzes found
Score Distribution
Percent of People with Each Score
Percentile by Number Answered
Your Score History
You have not taken this quiz